Dubstep - Hard - Statistics

General Stats
  • This quiz has been taken 34 times
  • The average score is 8 of 16
Answer Stats
Picture Answer % Correct
Must Die
79%
Kompany
71%
Yookie
68%
Getter
57%
Snails
54%
Jessica Audiffred
50%
Kill The Noise
50%
Eptic
46%
Kayzo
43%
Herobust
39%
Spag Heddy
39%
Tape B
39%
Liquid Stranger
36%
Rusko
32%
Seven Lions
32%
LSDream
29%
No matching quizzes found
Score Distribution
Percent of People with Each Score
Percentile by Number Answered
Your Score History
You have not taken this quiz